NBA Franchise 3-PT FGM Leaders - Extreme - Statistics

General Stats
  • This quiz has been taken 86 times
  • The average score is 79 of 150
Answer Stats
Hint Answer % Correct
2029 3-PT FGM James Harden
96%
4058 3-PT FGM Stephen Curry
96%
1143 3-PT FGM Kevin Durant
94%
1051 3-PT FGM | 869 3-PT FGM Ray Allen
93%
922 3-PT FGM Russell Westbrook
93%
929 3-PT FGM Dell Curry
91%
1827 3-PT FGM Kobe Bryant
91%
1251 3-PT FGM | 943 3-PT FGM LeBron James
91%
814 3-PT FGM Nikola Jokić
91%
2560 3-PT FGM Reggie Miller
90%
1546 3-PT FGM Jayson Tatum
88%
844 3-PT FGM Mike Miller
88%
618 3-PT FGM Chris Paul
87%
1146 3-PT FGM Jamal Murray
87%
1144 3-PT FGM Jaylen Brown
87%
2481 3-PT FGM Klay Thompson
85%
1518 3-PT FGM Kyle Lowry
85%
1823 3-PT FGM Paul Pierce
85%
1109 3-PT FGM Anthony Edwards
84%
2387 3-PT FGM Damian Lillard
84%
1982 3-PT FGM Dirk Nowitzki
84%
723 3-PT FGM Kyrie Irving
82%
1495 3-PT FGM Manu Ginóbili
82%
959 3-PT FGM Danny Green
81%
742 3-PT FGM Draymond Green
81%
779 3-PT FGM Jalen Green
81%
539 3-PT FGM John Wall
81%
975 3-PT FGM Karl-Anthony Towns
81%
1277 3-PT FGM Trae Young
81%
1424 3-PT FGM Devin Booker
79%
1514 3-PT FGM Bradley Beal
78%
762 3-PT FGM Carmelo Anthony
78%
908 3-PT FGM Joe Johnson
78%
705 3-PT FGM LaMelo Ball
78%
820 3-PT FGM | 897 3-PT FGM Paul George
78%
789 3-PT FGM De'Aaron Fox
75%
1276 3-PT FGM Luka Dončić
75%
1051 3-PT FGM Steve Nash
74%
770 3-PT FGM Ben Gordon
72%
1297 3-PT FGM | 692 3-PT FGM CJ McCollum
72%
958 3-PT FGM Donovan Mitchell
72%
1054 3-PT FGM Eric Gordon
72%
638 3-PT FGM Vince Carter
72%
1086 3-PT FGM Mike Conley
71%
885 3-PT FGM Allen Iverson
69%
985 3-PT FGM Coby White
69%
813 3-PT FGM Jason Kidd
69%
768 3-PT FGM J.R. Smith
69%
1382 3-PT FGM Khris Middleton
69%
937 3-PT FGM Antoine Walker
68%
1283 3-PT FGM Kemba Walker
68%
661 3-PT FGM | 818 3-PT FGM Kyle Korver
68%
845 3-PT FGM John Stockton
66%
1096 3-PT FGM Kevin Love
66%
602 3-PT FGM | 806 3-PT FGM Tim Hardaway
66%
981 3-PT FGM Tim Hardaway Jr.
66%
843 3-PT FGM Michael Porter Jr.
65%
1130 3-PT FGM Zach LaVine
65%
890 3-PT FGM Chauncey Billups
63%
773 3-PT FGM Terry Porter
63%
826 3-PT FGM Brook Lopez
60%
984 3-PT FGM Tyler Herro
60%
674 3-PT FGM JJ Redick
59%
628 3-PT FGM Jrue Holiday
59%
631 3-PT FGM Tyrese Haliburton
59%
696 3-PT FGM Tyrese Maxey
59%
664 3-PT FGM Scottie Pippen
56%
1202 3-PT FGM Duncan Robinson
54%
846 3-PT FGM Derek Fisher
53%
1140 3-PT FGM Jason Terry
53%
1000 3-PT FGM Fred VanVleet
51%
704 3-PT FGM Jeren Jackson Jr.
51%
652 3-PT FGM Shawn Marion
50%
560 3-PT FGM Brandon Ingram
46%
482 3-PT FGM D'Angelo Russell
46%
990 3-PT FGM Joe Dumars
46%
984 3-PT FGM Joe Harris
44%
638 3-PT FGM Julius Randle
44%
775 3-PT FGM Mike Bibby
44%
1070 3-PT FGM | 553 3-PT FGM Peja Stojaković
44%
575 3-PT FGM Tobias Harris
44%
917 3-PT FGM Gary Payton
43%
600 3-PT FGM | 662 3-PT FGM Jamal Crawford
43%
1003 3-PT FGM Michael Redd
43%
732 3-PT FGM Miles Bridges
43%
520 3-PT FGM Andrew Wiggins
41%
812 3-PT FGM Desmond Bane
41%
874 3-PT FGM Jameer Nelson
41%
712 3-PT FGM Eddie Jones
40%
708 3-PT FGM Glen Rice
40%
921 3-PT FGM Allan Houston
38%
802 3-PT FGM Mark Price
38%
993 3-PT FGM Mitch Richmond
38%
581 3-PT FGM Rasheed Wallace
38%
964 3-PT FGM Danny Granger
37%
982 3-PT FGM John Starks
37%
689 3-PT FGM Gordon Hayward
35%
973 3-PT FGM Rashard Lewis
35%
868 3-PT FGM Gilbert Arenas
34%
900 3-PT FGM Nick Anderson
34%
661 3-PT FGM Bruce Bowen
32%
794 3-PT FGM Hedo Türkoğlu
32%
1171 3-PT FGM Patty Mills
32%
700 3-PT FGM Jason Richardson
31%
897 3-PT FGM Darius Garland
29%
756 3-PT FGM Myles Turner
29%
595 3-PT FGM Byron Scott
28%
981 3-PT FGM Dennis Scott
28%
1248 3-PT FGM Buddy Hield
26%
1049 3-PT FGM Kirk Hinrich
26%
651 3-PT FGM OG Anunoby
26%
510 3-PT FGM Tayshaun Prince
26%
876 3-PT FGM Trevor Ariza
25%
573 3-PT FGM Dillon Brooks
24%
911 3-PT FGM Marcus Smart
22%
967 3-PT FGM Anfernee Simons
21%
1071 3-PT FGM Joe Ingles
21%
870 3-PT FGM Michael Finley
21%
569 3-PT FGM Naz Reid
19%
745 3-PT FGM Bogdan Bogdanović
18%
895 3-PT FGM Evan Fournier
16%
687 3-PT FGM Kerry Kittles
16%
750 3-PT FGM Nick Van Exel
16%
600 3-PT FGM Trey Murphy III
16%
646 3-PT FGM Antawn Jamison
15%
800 3-PT FGM Dan Majerle
15%
821 3-PT FGM Jordan Clarkson
15%
751 3-PT FGM Leandro Barbosa
13%
793 3-PT FGM Lindsey Hunter
13%
1050 3-PT FGM Mookie Blaylock
13%
598 3-PT FGM Terrence Ross
13%
864 3-PT FGM Terry Rozier
13%
730 3-PT FGM Vernon Maxwell
13%
801 3-PT FGM Morris Peterson
12%
724 3-PT FGM Robert Covington
12%
560 3-PT FGM Spencer Dinwiddie
12%
826 3-PT FGM Wesley Matthews
10%
738 3-PT FGM Eric Piatkowski
6%
656 3-PT FGM Matt Bonner
6%
585 3-PT FGM Pat Connaughton
6%
804 3-PT FGM Will Barton
6%
579 3-PT FGM Corey Kispert
3%
No matching quizzes found
Score Distribution
Percent of People with Each Score
Percentile by Number Answered
Your Score History
You have not taken this quiz